HazMat Truck Routing - MassDOT Public Hearing in Boston - August 23, 2011
En este video se reproduce una audiencia pb͠lica que debate el desvo̕ del transporte de materiales peligrosos en el r̀ea de North End and Waterfront de la ciudad estadounidense de Boston.
Uloženo v:
| Médium: | Kniha |
|---|---|
| Jazyk: | angličtina |
| Tagy: |
Přidat tag
Žádné tagy, Buďte první, kdo vytvoří štítek k tomuto záznamu!
|
MARC
| LEADER | 00000nam a22000004a 4500 | ||
|---|---|---|---|
| 001 | vpro3509 | ||
| 005 | 20201223000000.0 | ||
| 008 | 121029s2012 ck # g## #001 0#eng#d | ||
| 020 | |||
| 022 | |||
| 040 | |a CO-BoINGC | ||
| 041 | 0 | |a eng | |
| 245 | 1 | 0 | |a HazMat Truck Routing - MassDOT Public Hearing in Boston - August 23, 2011 |
| 246 | |a Itinerario de camiones de transporte de materiales peligrosos - Audiencia pb͠lica MassDOT en Boston - 23 de agosto de 2011 | ||
| 264 | |a Bogot ̀(Colombia) : |b Revista VirtualPRO, |c 2012 | ||
| 520 | 3 | |a En este video se reproduce una audiencia pb͠lica que debate el desvo̕ del transporte de materiales peligrosos en el r̀ea de North End and Waterfront de la ciudad estadounidense de Boston. | |